[Event "Bergen Autumn op-A"]
[Site "Bergen"]
[Date "2020.12.15"]
[Round "6"]
[White "Gullaksen, Eirik Tvedt"]
[Black "Skalevik, Asmund"]
[Result "1-0"]
[WhiteElo "2344"]
[BlackElo "1480"]
[PlyCount "79"]
[EventDate "2020.09.08"]
[EventType "swiss"]
[EventRounds "6"]
[EventCountry "NOR"]
[SourceTitle "EXT 2024"]
[Source "ChessBase"]
[SourceDate "2023.10.10"]
[SourceVersion "1"]
[SourceVersionDate "2023.10.10"]
[SourceQuality "1"]

1. d4 Nf6 2. c4 e6 3. Nf3 d5 4. Nc3 Be7 5. cxd5 exd5 6. Bg5 0-0 7. e3 h6 8. Bh4 Bf5 9. Qb3 g5 10. Bg3 Na6 11. a3 Rb8 12. Be2 Be6 13. Qc2 Rc8 14. Ne5 c5 15. Ng6 Re8 16. Nxe7+ Rxe7 17. 0-0 cxd4 18. exd4 Ne4 19. Bd3 Nxc3 20. bxc3 Qa5 21. Rfc1 Bd7 22. h4 f6 23. Rab1 Nb8 24. Rxb7 Ba4 25. Qb1 Nc6 26. Rxe7 Nxe7 27. Qb7 Re8 28. hxg5 Bc6 29. Qb4 Qxb4 30. cxb4 hxg5 31. b5 Bd7 32. Rc7 Bf5 33. Rxe7 Rxe7 34. Bxf5 Re1+ 35. Kh2 Rd1 36. Bb8 Rxd4 37. Bxa7 Rd2 38. b6 Rb2 39. Be6+ Kg7 40. Bxd5 1-0